| 000 | 01038nam a22002417a 4500 | ||
|---|---|---|---|
| 999 |
_c16967 _d16967 |
||
| 003 | AR-CdUCM | ||
| 008 | 190506b ||||| |||| 00| 0 spa d | ||
| 040 |
_aMUNICIPALIDAD PROVINCIAL DEL CUSCO _cBIBLIOTECA MUNICIPAL DEL CUSCO |
||
| 041 | _hita | ||
| 082 |
_22ed. _a108 / _bV62 |
||
| 100 |
_aVico, _936739 |
||
| 245 |
_aPrincipios de una ciencia nueva sobre la naturaleza común de las naciones II : _bde la sabiduria poetica I / |
||
| 260 |
_aMadrid : _bAguilar, _c1960. |
||
| 300 |
_a210 paginas ; _c16 cm. |
||
| 500 | _aTitulo original : Principi di una scienza nuov a d´intorno alla comune natura delle nazioni | ||
| 505 | _aContenido :De la sabiduría poética I -- De la sabiduría en general -- Proposiciones y divisiones de la sabiduría poética -- Del diluvio universal y de los gigantes... | ||
| 650 |
_aOrigen de las lenguas _936740 |
||
| 650 |
_aMoral poética _936741 |
||
| 650 |
_aLógica poética _936742 |
||
| 700 |
_aFuentes Benot, Manuel (Traducción) _936743 |
||
| 942 |
_2ddc _cLIBROS |
||
| 945 |
_awnts _d2019-05-6 |
||